Nuer religion /

محفوظ في:

المؤلف الرئيسي: Evans-Pritchard, E. E., 1902-1973 (مؤلف)

التنسيق: كتاب

اللغة: English

منشور في: Oxford : Clarendon Press, 1970.

الموضوعات:

الوسوم: إضافة وسم

لا توجد وسوم, كن أول من يضع وسما على هذه التسجيلة!

رقم الطلب: BL2480 .N7 E9 1970

LEADER 00721nam a2200229Ia 4500
001 8713
003 OSt
005 20251013103814.0
008 130303s1970 enkaf b 001 0 eng d
020 |a 9780198231066 
035 |a ocm06433257 
040 |c ARCE library 
050 4 |a BL2480 .N7 E9 1970 
100 1 |a Evans-Pritchard, E. E.,   |q (Edward Evan),   |d 1902-1973,  |e author 
245 1 0 |a Nuer religion /  |c by E. E. Evans-Pritchard. 
264 1 |a Oxford :   |b Clarendon Press,   |c 1970. 
300 |a xii, 336 pages, xv leaves of plates :   |b illustrations ;   |c 23 cm. 
504 |a Includes bibliographical references and index. 
650 0 |a Nuer (African people)  |x Religion. 
901 |a reviewed 
942 |c BK  |2 lcc 
999 |c 3663  |d 3663